000 00690nam a2200229 i 4500
001 12666
003 ES-MaACL
005 20251224063013.0
007 t|
008 900629s1988 sp a |||| |bspa j
020 _a84-85437-10-1
080 _a929 Villalba Hervás, Miguel
100 0 _aCastillo León, Juan del
_936702
245 1 0 _aVillalba Hervás, entre la capital y la villa /
_cJuan del Castillo.
250 _a1ª ed.
260 _aSanta Cruz de Tenerife :
_bGoya,
_c1988.
300 _a109 p. :
_bil. ;
_c24 cm.
504 _aBibliografía: p. [105]-109.
600 1 4 _aVillalba Hervás, Miguel.
_9133735
852 _aES-MaACL
_jL-20047
999 _c12666
_d12666